Countries by Area - Statistics

General Stats
  • This quiz has been taken 7 times
    4 since last reset
  • The average score is 17 of 196
Answer Stats
Area Area Country % Correct
7,692,024 km² 2,969,907 mi² Australia
100%
8,515,767 km² 3,287,956 mi² Brazil
100%
9,984,670 km² 3,855,100 mi² Canada
100%
9,596,961 km² 3,705,407 mi² China
100%
3,287,263 km² 1,269,219 mi² India
100%
17,098,246 km² 6,601,670 mi² Russia
100%
9,525,067 km² 3,677,649 mi² United States
100%
2,381,741 km² 919,595 mi² Algeria
67%
2,780,400 km² 1,073,500 mi² Argentina
67%
2,344,858 km² 905,355 mi² Democratic Republic of the Congo
67%
2,724,900 km² 1,052,100 mi² Kazakhstan
67%
1,246,700 km² 481,400 mi² Angola
33%
1,098,581 km² 424,164 mi² Bolivia
33%
1,284,000 km² 496,000 mi² Chad
33%
1,141,748 km² 440,831 mi² Colombia
33%
2,210,573 km² 853,507 mi² Denmark
33%
1,002,450 km² 387,050 mi² Egypt
33%
1,104,300 km² 426,400 mi² Ethiopia
33%
1,910,931 km² 737,815 mi² Indonesia
33%
1,648,195 km² 636,372 mi² Iran
33%
1,759,540 km² 679,360 mi² Libya
33%
1,240,192 km² 478,841 mi² Mali
33%
1,030,700 km² 398,000 mi² Mauritania
33%
1,964,375 km² 758,449 mi² Mexico
33%
1,566,000 km² 605,000 mi² Mongolia
33%
1,267,000 km² 489,000 mi² Niger
33%
923,768 km² 356,669 mi² Nigeria
33%
1,285,216 km² 496,225 mi² Peru
33%
2,149,690 km² 830,000 mi² Saudi Arabia
33%
1,221,037 km² 471,445 mi² South Africa
33%
1,861,484 km² 718,723 mi² Sudan
33%
945,087 km² 364,900 mi² Tanzania
33%
916,445 km² 353,841 mi² Venezuela
33%
652,230 km² 251,830 mi² Afghanistan
0%
28,748 km² 11,100 mi² Albania
0%
468 km² 181 mi² Andorra
0%
442 km² 171 mi² Antigua and Barbuda
0%
29,743 km² 11,484 mi² Armenia
0%
83,871 km² 32,383 mi² Austria
0%
86,600 km² 33,400 mi² Azerbaijan
0%
13,943 km² 5,383 mi² Bahamas
0%
765 km² 295 mi² Bahrain
0%
147,570 km² 56,980 mi² Bangladesh
0%
430 km² 170 mi² Barbados
0%
207,600 km² 80,200 mi² Belarus
0%
30,528 km² 11,787 mi² Belgium
0%
22,966 km² 8,867 mi² Belize
0%
114,763 km² 44,310 mi² Benin
0%
38,394 km² 14,824 mi² Bhutan
0%
51,209 km² 19,772 mi² Bosnia and Herzegovina
0%
581,730 km² 224,610 mi² Botswana
0%
5,765 km² 2,226 mi² Brunei
0%
110,879 km² 42,811 mi² Bulgaria
0%
274,222 km² 105,878 mi² Burkina Faso
0%
27,834 km² 10,747 mi² Burundi
0%
181,035 km² 69,898 mi² Cambodia
0%
475,442 km² 183,569 mi² Cameroon
0%
4,033 km² 1,557 mi² Cape Verde
0%
622,984 km² 240,535 mi² Central African Republic
0%
756,102 km² 291,933 mi² Chile
0%
1,862 km² 719 mi² Comoros
0%
51,100 km² 19,700 mi² Costa Rica
0%
322,463 km² 124,504 mi² Cote d'Ivoire
0%
56,594 km² 21,851 mi² Croatia
0%
109,884 km² 42,426 mi² Cuba
0%
9,251 km² 3,572 mi² Cyprus
0%
78,865 km² 30,450 mi² Czechia
0%
23,200 km² 9,000 mi² Djibouti
0%
751 km² 290 mi² Dominica
0%
48,671 km² 18,792 mi² Dominican Republic
0%
14,874 km² 5,743 mi² East Timor
0%
283,561 km² 109,484 mi² Ecuador
0%
21,041 km² 8,124 mi² El Salvador
0%
28,051 km² 10,831 mi² Equatorial Guinea
0%
117,600 km² 45,400 mi² Eritrea
0%
45,227 km² 17,462 mi² Estonia
0%
702 km² 271 mi² Federated States of Micronesia
0%
18,272 km² 7,055 mi² Fiji
0%
338,424 km² 130,666 mi² Finland
0%
671,174 km² 259,142 mi² France
0%
267,668 km² 103,347 mi² Gabon
0%
69,700 km² 26,900 mi² Georgia
0%
377,930 km² 145,920 mi² Germany
0%
238,533 km² 92,098 mi² Ghana
0%
131,990 km² 50,960 mi² Greece
0%
344 km² 133 mi² Grenada
0%
108,889 km² 42,042 mi² Guatemala
0%
245,857 km² 94,926 mi² Guinea
0%
36,125 km² 13,948 mi² Guinea-Bissau
0%
214,969 km² 83,000 mi² Guyana
0%
27,750 km² 10,710 mi² Haiti
0%
112,492 km² 43,433 mi² Honduras
0%
93,028 km² 35,918 mi² Hungary
0%
103,000 km² 40,000 mi² Iceland
0%
438,317 km² 169,235 mi² Iraq
0%
70,273 km² 27,133 mi² Ireland
0%
20,770 km² 8,020 mi² Israel
0%
301,336 km² 116,346 mi² Italy
0%
10,991 km² 4,244 mi² Jamaica
0%
377,972 km² 145,936 mi² Japan
0%
89,342 km² 34,495 mi² Jordan
0%
580,367 km² 224,081 mi² Kenya
0%
811 km² 313 mi² Kiribati
0%
10,887 km² 4,203 mi² Kosovo
0%
17,818 km² 6,880 mi² Kuwait
0%
199,951 km² 77,202 mi² Kyrgyzstan
0%
236,800 km² 91,400 mi² Laos
0%
64,559 km² 24,926 mi² Latvia
0%
10,452 km² 4,036 mi² Lebanon
0%
30,355 km² 11,720 mi² Lesotho
0%
111,369 km² 43,000 mi² Liberia
0%
160 km² 62 mi² Liechtenstein
0%
65,300 km² 25,200 mi² Lithuania
0%
2,586 km² 998 mi² Luxembourg
0%
25,713 km² 9,928 mi² Macedonia
0%
587,041 km² 226,658 mi² Madagascar
0%
118,484 km² 45,747 mi² Malawi
0%
330,803 km² 127,724 mi² Malaysia
0%
300 km² 120 mi² Maldives
0%
316 km² 122 mi² Malta
0%
181 km² 70 mi² Marshall Islands
0%
2,040 km² 790 mi² Mauritius
0%
33,846 km² 13,068 mi² Moldova
0%
2 km² 0.78 mi² Monaco
0%
13,812 km² 5,333 mi² Montenegro
0%
446,550 km² 172,410 mi² Morocco
0%
801,590 km² 309,500 mi² Mozambique
0%
676,578 km² 261,228 mi² Myanmar
0%
825,615 km² 318,772 mi² Namibia
0%
21 km² 8.1 mi² Nauru
0%
147,181 km² 56,827 mi² Nepal
0%
41,850 km² 16,160 mi² Netherlands
0%
270,467 km² 104,428 mi² New Zealand
0%
130,373 km² 50,337 mi² Nicaragua
0%
120,540 km² 46,540 mi² North Korea
0%
386,224 km² 149,122 mi² Norway
0%
309,500 km² 119,500 mi² Oman
0%
881.912 km² 340,508 mi² Pakistan
0%
459 km² 177 mi² Palau
0%
75,417 km² 29,119 mi² Panama
0%
462,840 km² 178,700 mi² Papua New Guinea
0%
406,752 km² 157,048 mi² Paraguay
0%
298,170 km² 115,120 mi² Philippines
0%
312,679 km² 120,726 mi² Poland
0%
92,090 km² 35,560 mi² Portugal
0%
11,586 km² 4,473 mi² Qatar
0%
342,000 km² 132,000 mi² Republic of the Congo
0%
238,397 km² 92,046 mi² Romania
0%
26,338 km² 10,169 mi² Rwanda
0%
261 km² 101 mi² Saint Kitts and Nevis
0%
616 km² 238 mi² Saint Lucia
0%
389 km² 150 mi² Saint Vincent and the Grenadines
0%
2,842 km² 1,097 mi² Samoa
0%
61 km² 24 mi² San Marino
0%
964 km² 372 mi² São Tomé and Príncipe
0%
196,722 km² 75,955 mi² Senegal
0%
77,474 km² 29,913 mi² Serbia
0%
452 km² 175 mi² Seychelles
0%
71,740 km² 27,700 mi² Sierra Leone
0%
719 km² 278 mi² Singapore
0%
49,037 km² 18,933 mi² Slovakia
0%
20,273 km² 7,827 mi² Slovenia
0%
28,896 km² 11,157 mi² Solomon Islands
0%
637,657 km² 246,201 mi² Somalia
0%
100,210 km² 38,690 mi² South Korea
0%
644,329 km² 248,777 mi² South Sudan
0%
505,992 km² 195,365 mi² Spain
0%
65,610 km² 25,330 mi² Sri Lanka
0%
163,820 km² 63,250 mi² Suriname
0%
17,364 km² 6,704 mi² Swaziland
0%
450,295 km² 173,860 mi² Sweden
0%
41,284 km² 15,940 mi² Switzerland
0%
185,180 km² 71,500 mi² Syria
0%
36,193 km² 13,974 mi² Taiwan
0%
143,100 km² 55,300 mi² Tajikistan
0%
513,120 km² 198,120 mi² Thailand
0%
11,295 km² 4,361 mi² The Gambia
0%
56,785 km² 21,925 mi² Togo
0%
747 km² 288 mi² Tonga
0%
5,130 km² 1,980 mi² Trinidad and Tobago
0%
163,610 km² 63,170 mi² Tunisia
0%
783,562 km² 302,535 mi² Turkey
0%
488,100 km² 188,500 mi² Turkmenistan
0%
26 km² 10 mi² Tuvalu
0%
241,550 km² 93,260 mi² Uganda
0%
603,500 km² 233,000 mi² Ukraine
0%
83,600 km² 32,300 mi² United Arab Emirates
0%
260,495 km² 100,578 mi² United Kingdom
0%
176,215 km² 68,037 mi² Uruguay
0%
447,400 km² 172,700 mi² Uzbekistan
0%
12,189 km² 4,706 mi² Vanuatu
0%
0.44 km² 0.17 mi² Vatican City
0%
331,212 km² 127,882 mi² Vietnam
0%
527,968 km² 203,850 mi² Yemen
0%
752,612 km² 290,585 mi² Zambia
0%
390,757 km² 150,872 mi² Zimbabwe
0%
No matching quizzes found
Score Distribution
Percent of People with Each Score
Percentile by Number Answered
Your Score History
You have not taken this quiz since the last reset